[Event "IV Niterói Chess Open 2024"]
[Site "Rio de Janeiro"]
[Date "2024.08.30"]
[Round "4"]
[Board "2"]
[White "Pires, Marcos Vinicius Torsani"]
[Black "Di Berardino, Diego Rafael"]
[Result "0-1"]
[WhiteElo "2212"]
[BlackElo "2472"]
[Annotator "Chessbase"]
[PlyCount "74"]
[EventDate "2024.08.28"]
[EventRounds "7"]
[EventCountry "BRA"]

1. d4 Nf6 2. Nf3 e6 3. g3 d5 4. Bg2 Be7 5. O-O O-O 6. c4 a5 7. Nc3 c6 8. b3 b6 9. Ne5 Ba6 10. Bb2 Nfd7 11. Nxd7 Nxd7 12. Qd3 ({RR} 12. cxd5 cxd5 13. Rc1 Rc8 14. Re1 b5 15. e3 b4 16. Na4 Bb5 17. Bf1 Rxc1 18. Qxc1 Bxa4 19. bxa4 Nb6 20. Qc6 Qd6 21. Qb5 Rb8 22. Rc1 Nc4 23. Bxc4 Rxb5 24. Bxb5 g6 25. Kg2 Bf6 26. Rc6 Qe7 {0-1 Jocev,M (2247)-Makhnev,D (2545) Serbia Open 2024 (1.5)}) 12... Qb8 $146 ({RR} 12... c5 13. dxc5 Nxc5 14. Qc2 d4 15. Rad1 e5 16. Bxa8 Qxa8 17. Nd5 Bd8 18. e3 d3 19. Rxd3 Nxd3 20. Qxd3 f6 21. Ba3 Re8 22. Rd1 Bb7 23. Qf5 Bc8 24. Qh5 g6 25. Qf3 Kg7 26. e4 h5 27. Qe3 {0-1 Di Benedetto,E (2391)-Rangel,D (2199) Titled Tue 6th Jun Early 2023 (1)}) 13. e4 b5 14. cxb5 cxb5 15. Qe3 b4 16. Ne2 dxe4 17. Bxe4 Bb7 18. Bxb7 Qxb7 19. d5 Qxd5 20. Rad1 Qb7 21. Nf4 Nf6 22. Qe5 a4 23. Rfe1 a3 24. Ba1 Rfd8 25. Nh5 h6 26. Qe2 Nxh5 27. Qxh5 Bf8 28. Qh4 Rxd1 29. Rxd1 Rc8 30. Qd4 Qf3 31. Qd2 Qf5 32. Rc1 Rxc1+ 33. Qxc1 Bc5 34. Qe1 Qc2 35. Kg2 Qxa2 36. Bxg7 Qxf2+ 37. Qxf2 Bxf2 0-1

[Event "IV Niterói Chess Open 2024"]
[Site "Rio de Janeiro"]
[Date "2024.08.29"]
[Round "2"]
[Board "34"]
[White "Fernandes, Felipe Gambini"]
[Black "Andriska, Matheus Jose Amante"]
[Result "1-0"]
[WhiteElo "1852"]
[BlackElo "1495"]
[Annotator "Chessbase"]
[PlyCount "68"]
[EventDate "2024.08.28"]
[EventRounds "7"]
[EventCountry "BRA"]

1. d4 Nf6 2. c4 e6 3. Nf3 c5 4. d5 exd5 5. cxd5 b6 ({RR} 5... a6 6. a4 Bd6 7. Nc3 Qe7 8. Bg5 Bc7 9. e3 d6 10. Bd3 Bg4 11. O-O Nbd7 12. Re1 O-O 13. h3 Bh5 14. g4 Bg6 15. Bh4 Ba5 16. e4 Rfe8 17. Qc2 Rac8 18. Nd2 c4 19. Bf1 Qf8 20. f4 {1-0 Dao,T (2590)-Antonio,R (2521) SEA Games tt 22nd 2003 (5)}) ({RR} 5... g6 6. h3 Bg7 7. Nbd2 O-O 8. e4 Re8 9. Bd3 Nxd5 10. O-O Nb4 11. Bc4 N8c6 12. Nb3 d6 13. a3 Na6 14. Bxf7+ Kxf7 15. Qd5+ Ke7 16. Bg5+ Bf6 17. Rad1 Be6 18. Qd3 Kf7 19. Bh6 c4 20. Qe3 {0-1 Adewumi,T (2309)-Suleymanli,A (2541) Titled Tuesday intern op 12th Jul Late blitz 2022 (2)}) 6. Nc3 Bb7 7. e4 d6 8. Bd3 $146 ({RR} 8. Be2 Nbd7 9. O-O Be7 10. a4 O-O 11. Nd2 Ne8 12. Nc4 Ne5 13. Ne3 Bc8 14. f4 Ng6 15. Nc4 f5 16. e5 dxe5 17. fxe5 Bb7 18. Bf3 Bg5 19. d6 Bxf3 20. Qxf3 f4 21. e6 Nxd6 22. Rd1 Be7 {1-0 Drogou,G (2230)-Korotkov,M Syre Memorial op 19th 1996 (5)}) ({RR} 8. Bb5+ Nbd7 9. e5 a6 10. exf6 axb5 11. Qe2+ Be7 12. fxe7 Qxe7 13. Qxe7+ Kxe7 14. Bf4 Ra5 15. O-O Nf6 16. Rfe1+ Kd7 17. Ng5 Rf8 18. Nge4 Nxe4 19. Nxe4 Bxd5 20. Nxd6 Rfa8 21. Rad1 Kc6 22. a3 Bb3 {1-0 Kanko,I (2237)-Tiensuu,S Helsinki-ch Seniors 0809 2008 (5)}) ({RR} 8. Bb5+ Nbd7 9. Bxd7+ Qxd7 10. Qd3 Be7 11. O-O O-O 12. Bg5 Ne8 13. Bxe7 Qxe7 14. Rfe1 f6 15. Rac1 Rc8 16. a4 Nc7 17. Qc4 Kh8 18. Qb3 Rb8 19. Nh4 Qf7 20. Nf5 Rfd8 21. f4 Qe8 22. Rcd1 Bc8 {0-1 Proettel,E (1333)-Moldovan,T (1269) GER-ch U10 Girls 2019 (6)}) 8... Be7 9. O-O O-O 10. h3 h6 11. Bf4 Re8 12. Nd2 Nbd7 13. Nc4 Qc7 14. Nb5 Qb8 15. Bxd6 Bxd6 16. Nbxd6 Re7 17. Nxb7 Qxb7 18. Re1 Ne5 19. Nxe5 Rxe5 20. f4 Re7 21. Qf3 a6 22. Re3 Rae8 23. Rae1 b5 24. d6 Rd7 25. e5 Qxf3 26. gxf3 Nd5 27. Re4 c4 28. Bb1 f5 29. Rd4 Nc7 30. Bxf5 Ne6 31. Bxe6+ Rxe6 32. f5 Re8 33. e6 Rdd8 34. d7 Re7 1-0

[Event "IV Niterói Chess Open 2024"]
[Site "Rio de Janeiro"]
[Date "2024.08.31"]
[Round "5"]
[Board "1"]
[White "Mekhitarian, Krikor Sevag"]
[Black "Do Valle Cardoso, Lucas"]
[Result "1-0"]
[WhiteElo "2560"]
[BlackElo "2365"]
[Annotator "Chessbase"]
[PlyCount "53"]
[EventDate "2024.08.28"]
[EventRounds "7"]
[EventCountry "BRA"]

1. d4 Nf6 2. c4 c5 3. d5 e6 4. Nf3 exd5 5. cxd5 d6 6. e4 g6 7. Bd3 a6 8. h3 Bg7 9. O-O O-O 10. a4 Re8 11. Re1 c4 12. Bc2 Nbd7 13. Nc3 Rb8 $146 ({RR} 13... Nc5 14. Bf4 Nh5 15. Bh2 Qb6 16. Ra2 Be5 17. Nxe5 dxe5 18. Qe2 Qb4 19. a5 Bd7 20. Rd1 Nb3 21. Bxb3 cxb3 22. Ra3 Rac8 23. Qf3 Rc4 24. d6 Rd4 25. Raa1 Bc6 26. g4 Nf4 27. Bxf4 exf4 28. Qxf4 {1-0 Milliet,S (2339)-Maisuradze,N (2193) ch-FRA w 2024 (1.1)}) 14. Be3 Qa5 15. Ba7 Ra8 16. Bd4 Ne5 17. Nd2 Nfd7 18. Qe2 Qc7 19. Qe3 Rb8 20. f4 Bh6 21. Qf2 Nd3 22. Bxd3 cxd3 23. e5 dxe5 24. fxe5 Bg7 25. e6 fxe6 26. Bxg7 Kxg7 27. dxe6 1-0

[Event "IV Niterói Chess Open 2024"]
[Site "Rio de Janeiro"]
[Date "2024.08.31"]
[Round "5"]
[Board "9"]
[White "Costa, Carlos Evanir"]
[Black "Guimaraes, Artemis Pamela"]
[Result "1-0"]
[WhiteElo "2190"]
[BlackElo "2002"]
[Annotator "Chessbase"]
[PlyCount "78"]
[EventDate "2024.08.28"]
[EventRounds "7"]
[EventCountry "BRA"]

1. d4 Nf6 2. Nf3 e6 3. c4 Bb4+ 4. Bd2 Qe7 5. a3 Bxd2+ 6. Nbxd2 d5 7. e3 O-O 8. Rc1 b6 ({RR} 8... c6 9. Bd3 Nbd7 10. cxd5 exd5 11. O-O a5 12. Qc2 Rd8 13. Rfe1 Nf8 14. Ne5 Ng4 15. f4 f6 16. Nxg4 Bxg4 17. f5 Qd7 18. h3 Bh5 19. g4 Bf7 20. Nf3 Qd6 21. Qg2 Nd7 22. g5 fxg5 23. Nxg5 {0-1 Kristoferitsch,D (2212)-Schroll,G (2324) AUT-ch Rapid 2021 (1)}) ({RR} 8... c6 9. Bd3 b6 10. O-O Bb7 11. c5 bxc5 12. Rxc5 Nbd7 13. Rc3 c5 14. Qc2 Rfc8 15. Rc1 cxd4 16. exd4 Rxc3 17. Qxc3 Rc8 18. Qxc8+ Bxc8 19. Rxc8+ Nf8 20. Ne5 Qb7 21. Rc2 N8d7 22. f4 g6 23. Ndf3 {0-1 Sarkar,J (2348)-Garcia,G (2091) Titled Tuesday intern op 07th Jun Late blitz 2022 (4)}) 9. cxd5 Nxd5 $146 ({RR} 9... exd5 10. Qc2 c6 11. Bd3 Bb7 12. O-O Nbd7 13. Rfe1 c5 14. Bf5 g6 15. Bh3 Rfe8 16. Qa4 Qd6 17. dxc5 Nxc5 18. Qd4 Rad8 19. b4 Nce4 20. Rc2 Re7 21. Rec1 Qb8 22. Qd3 Nxd2 23. Qxd2 Ne4 24. Qd3 {½-½ Rusiniak,S (2085)-Jedra,W (2018) POL-chT3 Warminsko Mazurskie 2009 (2.7)}) 10. Qc2 c6 11. e4 Nf4 12. g3 Ng6 13. h4 Bb7 14. h5 Nh8 15. e5 Nd7 16. Bd3 f5 17. exf6 Nxf6 18. Ng5 Nf7 19. Bxh7+ Kh8 20. Nxf7+ Qxf7 21. Bg6 Qd7 22. Rh4 e5 23. Nf3 exd4 24. Rxd4 Qe6+ 25. Qe2 Qxe2+ 26. Kxe2 c5 27. Rf4 Ng4 28. Rd1 Ba6+ 29. Ke1 Rfe8+ 30. Bxe8 Rxe8+ 31. Kd2 Nxf2 32. Re1 Rd8+ 33. Kc2 Nd3 34. Rd1 c4 35. Ne5 Re8 36. Nxd3 cxd3+ 37. Kc3 Rc8+ 38. Kb3 Rc7 39. g4 Kh7 1-0

[Event "IV Niterói Chess Open 2024"]
[Site "Rio de Janeiro"]
[Date "2024.08.28"]
[Round "1"]
[Board "16"]
[White "Moreira, Paulo Vinicius Macedo"]
[Black "Terao, Juliana Sayumi"]
[Result "0-1"]
[WhiteElo "1797"]
[BlackElo "2161"]
[Annotator "Chessbase"]
[PlyCount "96"]
[EventDate "2024.08.28"]
[EventRounds "7"]
[EventCountry "BRA"]

1. d4 Nf6 2. c4 e6 3. g3 Bb4+ 4. Bd2 Be7 5. Bg2 d5 6. Nf3 O-O 7. Qc2 Nbd7 8. O-O Ne4 9. Nc3 Nxd2 10. Nxd2 c6 11. e4 dxc4 12. Nxc4 Nb6 13. Ne2 ({RR} 13. Nxb6 Qxb6 14. Rad1 Rd8 15. Na4 Qa5 16. e5 Bd7 17. Nc5 Qc7 18. h4 Be8 19. Rd3 Rac8 20. Rfd1 b6 21. Ne4 h6 22. a3 c5 23. dxc5 Rxd3 24. Qxd3 Qxe5 25. Qa6 Qb8 26. Nd6 Rd8 27. b4 Bxd6 {1-0 Kramnik,V (2753)-Martinez Alcantara,J (2612) Clash of Claims 2024 (14)}) 13... Nxc4 14. Qxc4 Bd7 $146 ({RR} 14... Qb6 15. b3 Bd7 16. Rfd1 Rfd8 17. Nc3 Rac8 18. e5 Be8 19. Na4 Qb5 20. Qc2 Ba3 21. Rab1 b6 22. Nc3 Qa5 23. Ne4 h6 24. g4 Be7 25. f4 Qb4 26. Qf2 c5 27. dxc5 Rxd1+ 28. Rxd1 Rxc5 29. h4 {0-1 Dang,H (2363)-Ter Sahakyan,S (2624) Titled Tuesday intern op 03rd Aug blitz 2021 (6)}) 15. Rfd1 Rc8 16. h4 b5 17. Qc2 Qb6 18. Nf4 Rfd8 19. e5 Be8 20. Qe4 Rc7 21. Rac1 Qa5 22. a3 Bf8 23. Nd3 Qa4 24. Nf4 Rcd7 25. Qxc6 Rxd4 26. Rxd4 Qxd4 27. Qc3 Qa4 28. Bf3 b4 29. axb4 Bxb4 30. Qc4 Bb5 31. Qc7 Qa5 32. Qb7 Qb6 33. Rc8 Rxc8 34. Qxc8+ Bf8 35. Bg4 Ba6 36. Qe8 Bc4 37. Qd7 a5 38. Qd2 g6 39. Be2 Bb3 40. Qc3 Bc5 41. Nd3 Bd4 42. Qc8+ Kg7 43. Qc1 Qd8 44. Qf4 Bb6 45. Nc1 Bc2 46. Qc4 Qd2 47. Kg2 Bd4 48. Nb3 Bxb3 0-1

[Event "IV Niterói Chess Open 2024"]
[Site "Rio de Janeiro"]
[Date "2024.08.29"]
[Round "2"]
[Board "1"]
[White "Oliveira, Tiago Batista"]
[Black "Mekhitarian, Krikor Sevag"]
[Result "0-1"]
[WhiteElo "1982"]
[BlackElo "2560"]
[Annotator "Chessbase"]
[PlyCount "76"]
[EventDate "2024.08.28"]
[EventRounds "7"]
[EventCountry "BRA"]

1. d4 Nf6 2. c4 e6 3. g3 d5 4. Nf3 Bb4+ 5. Bd2 Be7 6. Qc2 ({RR} 6. Bg2 c5 7. cxd5 exd5 8. dxc5 Bxc5 9. O-O Nc6 10. Nc3 O-O 11. Rc1 Be7 12. Be3 Bg4 13. Nd4 Qd7 14. Qa4 Bh3 15. Rfd1 Bxg2 16. Kxg2 h6 17. f3 Rfe8 18. Bf2 Bf8 19. e4 dxe4 20. Nxe4 Nxe4 {½-½ Shulman,Y (2632)-Akobian,V (2612) Upper Lake m rap rapid 2009 (2)}) 6... O-O 7. Bg2 Nbd7 8. Bf4 $146 ({RR} 8. O-O Ne4 9. Nc3 Nxd2 10. Nxd2 c6 11. e4 dxe4 12. Ndxe4 f5 13. Nd2 e5 14. d5 e4 15. Rad1 Qc7 16. Nb3 Nc5 17. Nxc5 Bxc5 18. a3 a5 19. Na4 Be7 20. Qb3 cxd5 21. Nb6 Ra6 22. Nxd5 Qc5 {1-0 Piliposyan,R (2156)-Bat,B (2090) EU-ch U12 Bratislava 2019 (5)}) ({RR} 8. h4 c6 9. O-O b6 10. Nc3 Bb7 11. e4 c5 12. cxd5 exd5 13. e5 Ne4 14. Nxe4 dxe4 15. Ng5 cxd4 16. Bxe4 Bxe4 17. Qxe4 Bxg5 18. Bxg5 Nc5 19. Qg4 Qd5 20. Bf6 Ne6 21. h5 Kh8 22. Be7 Rfe8 {0-1 Andriamasoandro,M (2120)-Razanadrakotoarisoa,T (2086) African Zonal 4.4 Open 2024 (9.2)}) ({RR} 8. O-O Ne4 9. cxd5 exd5 10. Nc3 Ndf6 11. Ne5 Bf5 12. Nd3 Re8 13. Bf4 c6 14. Qb3 Qb6 15. Qxb6 axb6 16. a4 Nxc3 17. bxc3 Bf8 18. Bf3 Ra6 19. Bc7 Rc8 20. Be5 Ne4 21. Rfc1 Nd2 22. Rd1 Nxf3+ {0-1 Hernandez Serrano,C (1616)-Cadavid,J (2015) COL Subzt 2.3.4 2021 (1)}) 8... c5 9. dxc5 Qa5+ 10. Nbd2 Qxc5 11. Rc1 b6 12. O-O Ba6 13. Qa4 Qa5 14. Qxa5 bxa5 15. Ne5 Nxe5 16. Bxe5 Rac8 17. cxd5 Nxd5 18. Bf3 Rfd8 19. Nb3 a4 20. Nd4 Bc5 21. Rfd1 h6 22. a3 Ne7 23. b4 axb3 24. Nxb3 Rxd1+ 25. Rxd1 Bb6 26. Rc1 Rxc1+ 27. Nxc1 f6 28. Bb2 Nf5 29. e3 Nd6 30. a4 Kf7 31. Bc3 Bc4 32. Ne2 e5 33. Nc1 Ke6 34. Bc6 Bc5 35. Bd2 f5 36. f3 f4 37. Kf2 Nf5 38. gxf4 exf4 0-1

[Event "IV Niterói Chess Open 2024"]
[Site "Rio de Janeiro"]
[Date "2024.09.01"]
[Round "7"]
[Board "18"]
[White "Nunes, Agatha Hurba"]
[Black "Guimaraes, Artemis Pamela"]
[Result "1/2-1/2"]
[WhiteElo "1906"]
[BlackElo "2002"]
[Annotator "Chessbase"]
[PlyCount "92"]
[EventDate "2024.08.28"]
[EventRounds "7"]
[EventCountry "BRA"]

1. d4 Nf6 2. c4 e6 3. Nf3 Bb4+ 4. Nbd2 b6 5. a3 Bxd2+ 6. Qxd2 Bb7 7. e3 Ne4 8. Qc2 O-O 9. Bd3 f5 10. O-O a5 ({RR} 10... d6 11. b4 Rf6 12. Bb2 Rg6 13. d5 exd5 14. cxd5 Bxd5 15. Bc4 Bxc4 16. Qxc4+ d5 17. Rfd1 c6 18. b5 Rd6 19. Qb3 c5 20. Rxd5 Kh8 21. Rad1 Rxd5 22. Qxd5 Qxd5 23. Rxd5 h6 24. Rd8+ Kh7 25. Be5 {1-0 Aradhya,G (2236)-Yeletsky,I (2460) Titled Tuesday intern op 18th Jan blitz 2022 (11)}) 11. b3 ({RR} 11. Nd2 Nxd2 12. Bxd2 a4 13. f3 c5 14. d5 Qe7 15. e4 f4 16. b3 axb3 17. Qxb3 d6 18. Qxb6 Nd7 19. Qb1 Ne5 20. Bc3 Nxd3 21. Qxd3 Ra4 22. dxe6 Qxe6 23. Rfb1 Bc6 24. Rb6 Rc8 25. Bb2 Rxc4 {1-0 Smyslov,V (2600)-Karlsson,L (2550) Bronshoj Jubilee 1985 (4)}) 11... d6 12. Bb2 Nd7 13. Rac1 $146 ({RR} 13. b4 c5 14. Rfd1 Bc6 15. dxc5 bxc5 16. Nd2 Nxd2 17. Qxd2 e5 18. Bf1 Rf6 19. bxc5 Rh6 20. cxd6 Qh4 21. h3 Rg6 22. Kh2 Nf6 23. Qe1 f4 24. f3 Qg5 25. e4 Bd7 26. Qf2 Rb8 27. Bc1 Qh5 {1-0 Klebel,M (2360)-Dobosz,H (2415) Augsburg 1989 (11)}) 13... Ng5 14. Nxg5 Qxg5 15. f4 Qg6 16. d5 Nc5 17. Rf3 Rf7 18. Rg3 Qh6 19. Rh3 Qg6 20. Be2 exd5 21. Bh5 Qe6 22. Bxf7+ Qxf7 23. Rg3 Ne6 24. Qd1 dxc4 25. Rxc4 d5 26. Rc1 c5 27. Be5 Rd8 28. Rc2 Rd7 29. Rd2 Qe8 30. Qb1 Rf7 31. b4 axb4 32. axb4 Qb5 33. Rb2 c4 34. Ra2 g6 35. h4 Ng7 36. Ra7 Nh5 37. Rg5 Qc6 38. b5 Qe6 39. Qd1 h6 40. Qxh5 Kh7 41. Qf3 hxg5 42. fxg5 Kg8 43. Bd4 Qd7 44. Qd1 Qxb5 45. Qa1 Qc6 46. Qb2 b5 1/2-1/2

[Event "IV Niterói Chess Open 2024"]
[Site "Rio de Janeiro"]
[Date "2024.08.28"]
[Round "1"]
[Board "24"]
[White "Oliveira, Olavo Tadeu Carvalho"]
[Black "Schiavo, Marcelo Da Silva"]
[Result "0-1"]
[WhiteElo "1751"]
[BlackElo "2059"]
[Annotator "Chessbase"]
[PlyCount "109"]
[EventDate "2024.08.28"]
[EventRounds "7"]
[EventCountry "BRA"]

1. d4 Nf6 2. c4 e6 3. Nf3 b6 4. g3 Ba6 5. b3 Bb4+ 6. Bd2 Be7 7. Bg2 Bb7 8. O-O c5 9. Nc3 cxd4 10. Nxd4 Bxg2 11. Kxg2 O-O 12. e4 Nc6 13. Nxc6 dxc6 14. Qe2 e5 $146 ({RR} 14... Qc7 15. e5 Nd7 16. f4 Rfd8 17. Be3 Nc5 18. Rad1 Rxd1 19. Rxd1 Rd8 20. Rd2 Rxd2 21. Qxd2 Qd7 22. Qxd7 Nxd7 23. Ne4 Kf8 24. Kf2 {½-½ Kwatschewsky,L (2325)-Janetschek,K (2345) AUT-chT Austria 1991}) 15. Rad1 Qc7 16. Nb1 Rfe8 17. Bc3 Rad8 18. Nd2 Nd7 19. Nf3 Bf6 20. Rfe1 Nc5 21. Bb4 Ne6 22. Qc2 c5 23. Bc3 Nd4 24. Qb2 Qc6 25. Bxd4 exd4 26. Qe2 g6 27. Qd3 Re6 28. Kg1 Rde8 29. Nd2 Bg7 30. Re2 R8e7 31. Rde1 Qe8 32. Kf1 Bh6 33. Nf3 f6 34. a3 Bf8 35. Nh4 Rd6 36. Nf3 Bg7 37. Nh4 Qd7 38. Nf3 Qh3+ 39. Kg1 Rde6 40. e5 Qg4 41. exf6 Bxf6 42. Rxe6 Rxe6 43. Rxe6 Qxe6 44. Kg2 Kg7 45. a4 a6 46. h4 h6 47. Nd2 Be7 48. Qe4 Kf7 49. Qf4+ Kg7 50. Qe4 Kf7 51. Qf4+ Kg7 52. Qe4 Qd7 53. Qd3 Bf6 54. Ne4 Be5 55. f4 0-1

[Event "IV Niterói Chess Open 2024"]
[Site "Rio de Janeiro"]
[Date "2024.08.30"]
[Round "4"]
[Board "10"]
[White "Rangel, Daniel"]
[Black "Garcia, Julio Cesar De Paiva"]
[Result "1-0"]
[WhiteElo "2198"]
[BlackElo "2004"]
[Annotator "Chessbase"]
[PlyCount "90"]
[EventDate "2024.08.28"]
[EventRounds "7"]
[EventCountry "BRA"]

1. d4 Nf6 2. c4 e6 3. Nf3 b6 4. g3 Ba6 5. b3 Bb4+ 6. Bd2 Be7 7. Bg2 d5 8. cxd5 exd5 9. O-O O-O 10. Nc3 c6 11. Qc2 ({RR} 11. Bf4 Nbd7 12. Qc2 Re8 13. a3 Nf8 14. Ne5 Rc8 15. Rfd1 Bd6 16. b4 Ne6 17. Qd2 c5 18. dxc5 Nxf4 19. gxf4 bxc5 20. b5 Bb7 21. Nc4 Qd7 22. e3 dxc4 23. Bxb7 Qxb7 24. Qxd6 Qf3 25. Rd2 Re6 {0-1 Shulman,Y (2623)-Savchenko,B (2644) FIDE World Cup 2009 (1.5)}) 11... Re8 12. Rfd1 $146 ({RR} 12. Rae1 Nbd7 13. Bf4 Rc8 14. a3 Bf8 15. Qb2 h6 16. Rd1 Qe7 17. b4 Ne4 18. Bh3 g5 19. Be3 Nd6 20. Qc2 Bg7 21. Bc1 Bb7 22. Bb2 Ra8 23. a4 a6 24. e3 b5 25. a5 Rad8 26. Nd2 Nf6 {0-1 Gofshtein,L (2541)-Schneider,D (2199) Nuremberg LGA Cup 4th 2007 (2)}) ({RR} 12. Rad1 Bd6 13. Bc1 Nbd7 14. Rfe1 h6 15. e4 Bb4 16. e5 Ne4 17. Bb2 Bxc3 18. Bxc3 Rc8 19. Bb2 c5 20. dxc5 Ndxc5 21. Qb1 Bb7 22. Nd4 Qe7 23. Nf5 Qg5 24. Nd6 Nxd6 25. exd6 Rxe1+ 26. Rxe1 Rd8 {0-1 Koridze,L (2181)-Zampronha,W (2170) Titled Tue 26th Sep Early 2023 (6)}) ({RR} 12. Rfe1 Nbd7 13. Rad1 Bd6 14. e4 dxe4 15. Nxe4 Nxe4 16. Rxe4 Bb7 17. Rh4 Nf8 18. Ne5 Bxe5 19. dxe5 Qe7 20. Bc3 Ng6 21. Rhd4 Nf8 22. Rd6 c5 23. f4 Bxg2 24. Qxg2 Rad8 25. R1d3 Rxd6 26. exd6 Qe6 {½-½ Polak,T (2499)-Munoz Sotomayor,H (2322) Olympiad-34 Istanbul 2000 (12.4)}) 12... Bb4 13. Ne5 Bb7 14. Nd3 Bf8 15. b4 Nbd7 16. a4 Rc8 17. a5 c5 18. dxc5 bxc5 19. b5 Ba8 20. Bg5 d4 21. Bxa8 Rxa8 22. Nd5 Rc8 23. Nb2 Be7 24. Bxf6 Bxf6 25. Nc4 Ne5 26. Nxf6+ Qxf6 27. Nxe5 Qxe5 28. b6 axb6 29. axb6 Rb8 30. Rdb1 Qd6 31. b7 Qd5 32. Ra7 c4 33. Qa4 Red8 34. Rb5 Qc6 35. Qa5 g6 36. Rc5 Qd7 37. Rxc4 Re8 38. Rc2 Qe6 39. Ra8 Kg7 40. Qa7 d3 41. exd3 Qd5 42. Qa1+ Kh6 43. Rxb8 Rxb8 44. Qc1+ Kg7 45. Qb2+ Kh6 1-0

[Event "IV Niterói Chess Open 2024"]
[Site "Rio de Janeiro"]
[Date "2024.08.29"]
[Round "3"]
[Board "15"]
[White "Teixeira, Maria Luiza Prado"]
[Black "Schiavo, Marcelo Da Silva"]
[Result "1/2-1/2"]
[WhiteElo "1878"]
[BlackElo "2059"]
[Annotator "Chessbase"]
[PlyCount "100"]
[EventDate "2024.08.28"]
[EventRounds "7"]
[EventCountry "BRA"]

1. d4 Nf6 2. c4 e6 3. Nf3 b6 4. g3 Ba6 5. Qc2 Bb4+ 6. Nbd2 Bb7 7. Bg2 c5 8. e3 ({RR} 8. dxc5 Bxc5 9. b3 Be7 10. Bb2 d6 11. Bxf6 Bxf6 12. Rd1 Qc7 13. Ne4 Be7 14. Qd3 Na6 15. Nxd6+ Bxd6 16. Qxd6 Qxd6 17. Rxd6 Ke7 18. Rd2 Rad8 19. Nh4 Bxg2 20. Nxg2 Nb4 21. Nf4 Rxd2 22. Kxd2 Rd8+ {1-0 Ivanchuk,V (2781)-Carlsen,M (2775) Moscow Tal Memorial Blitz 2008 (30)}) ({RR} 8. d5 exd5 9. Nh4 Bc6 10. cxd5 Nxd5 11. Nf5 O-O 12. O-O Bxd2 13. Bxd2 Ne7 14. Nxe7+ Qxe7 15. e4 d6 16. Rad1 Nd7 17. Bc3 Rfe8 18. Rfe1 Nf8 19. Re3 Rad8 20. Qe2 Qb7 21. Qg4 Ng6 22. h4 Ne5 {0-1 Raja,R (2532)-Pranav,V (2604) 3rd Sunway Formentera Op 2024 (9.3)}) 8... cxd4 9. exd4 O-O 10. O-O Nc6 $146 ({RR} 10... d5 11. Ne5 Qe7 12. a3 Bd6 13. cxd5 Bxd5 14. Bxd5 Nxd5 15. Ne4 f5 16. Nc3 Nxc3 17. Qxc3 Bxe5 18. dxe5 Na6 19. b4 Nc7 20. Qb3 Nd5 21. f4 Rac8 22. Bb2 Rc7 23. Rac1 Rfc8 24. Kf2 Qe8 25. a4 {½-½ Colombo,C (2090)-Terao,J (2154) Mercosur ol 1st 2009 (4)}) ({RR} 10... d5 11. a3 Be7 12. b3 Nbd7 13. Bb2 Rc8 14. Ne5 Qc7 15. Rac1 Qb8 16. Qb1 dxc4 17. Ndxc4 Bxg2 18. Kxg2 Qb7+ 19. Kg1 Nd5 20. Qe4 N7f6 21. Qf3 Rfd8 22. Rfe1 b5 23. Na5 Qa6 24. Nac6 Re8 25. b4 {0-1 Zong,D (2191)-Jaferian,K (2213) Titled Tuesday intern op 02nd Aug Late blitz 2022 (2)}) 11. Nb3 Be7 12. Qe2 d6 13. Bf4 Re8 14. Rfd1 Bf8 15. Rac1 Rc8 16. Ne1 Ba6 17. Qd2 d5 18. c5 Nd7 19. Be3 bxc5 20. Nxc5 Nxc5 21. dxc5 Re7 22. Rc3 Rd7 23. Ra3 Bb7 24. b4 a6 25. f4 Na7 26. Bd4 Nb5 27. Re3 Nxd4 28. Qxd4 Be7 29. Nf3 Bf6 30. Ne5 Qc7 31. Bh3 Rdd8 32. f5 exf5 33. Bxf5 Rb8 34. Qf4 d4 35. Ree1 Bxe5 36. Rxe5 Qc6 37. Be4 Qa4 38. Rf1 Bxe4 39. Qxf7+ Kh8 40. Rxe4 h6 41. Re7 Rg8 42. Rf6 Qd1+ 43. Kg2 Qd2+ 44. Kh3 Qg5 45. Rg6 Qh5+ 46. Kg2 Rbf8 47. Qe6 Qf3+ 48. Kh3 Qh5+ 49. Kg2 Qf3+ 50. Kh3 Qh5+ 1/2-1/2

[Event "IV Niterói Chess Open 2024"]
[Site "Rio de Janeiro"]
[Date "2024.08.31"]
[Round "6"]
[White "De Oliveira, Mendel Nascimento"]
[Black "Serrao, Carlos Frederico Pa"]
[Result "1-0"]
[WhiteElo "1680"]
[BlackElo "1509"]
[Annotator "Chessbase"]
[PlyCount "61"]
[EventDate "2024.08.28"]
[EventRounds "7"]
[EventCountry "BRA"]

1. d4 Nf6 2. c4 e6 3. Nf3 b6 4. g3 Bb7 5. Bg2 Bb4+ 6. Bd2 Bxd2+ 7. Nbxd2 O-O 8. O-O d5 9. Qc2 ({RR} 9. cxd5 Nxd5 10. Ne5 Nd7 11. Ndc4 Rc8 12. Qa4 Nxe5 13. Nxe5 a6 14. Rac1 c5 15. dxc5 bxc5 16. Rfd1 Qc7 17. Nc4 h6 18. Qa3 Rfd8 19. Na5 Ba8 20. Nb3 c4 21. Na5 Nb6 22. Rxd8+ Qxd8 23. Bxa8 Rxa8 {½-½ Li,Y (1593)-Luo,Y Chinese Youth U12 2024 (6.16)}) 9... dxc4 $146 ({RR} 9... Ne4 10. e3 f5 11. Rfc1 Na6 12. cxd5 Bxd5 13. a3 c5 14. Bf1 Qc8 15. Qa4 Bb7 16. Nxe4 fxe4 17. Nd2 Rf5 18. Bg2 Bc6 19. Qc4 Bd5 20. Qe2 Qb7 21. Qg4 Raf8 22. Rf1 R8f6 {½-½ Fotland,P (1198)-Frimanslund,B (1084) NOR-chB Stavanger 2005 (2)}) ({RR} 9... Nbd7 10. b4 dxc4 11. Qxc4 Rc8 12. Rab1 Bd5 13. Qc2 Qe7 14. e4 Ba8 15. Rfe1 c5 16. dxc5 bxc5 17. b5 Rc7 18. Nc4 Rd8 19. a4 Rdc8 20. a5 Rb8 21. Nfd2 h6 22. Qd3 Rd8 23. Qc2 Rb8 24. f4 {1-0 Jolly,J (1880)-Millet Lacombe,P (1570) Fouesnant op 07th 2001 (3)}) ({RR} 9... Na6 10. Ne5 Nd7 11. Ndf3 Nxe5 12. Nxe5 f6 13. Nd3 c6 14. b4 Nc7 15. c5 Nb5 16. Qb2 Nc7 17. cxb6 axb6 18. a4 Ba6 19. Qc3 Bc4 20. Nb2 b5 21. Nxc4 bxc4 22. e4 Qd6 23. f4 Rfb8 24. Rfb1 {0-1 Hesse,H (2184)-Reindl,A (2013) GER-ch U18 Willingen 2017 (2)}) 10. Nxc4 Nc6 11. e3 a5 12. Nfe5 Nb4 13. Qe2 Bxg2 14. Kxg2 Ne4 15. a3 Nd5 16. Rac1 b5 17. Nc6 Qd7 18. N6xa5 Nd6 19. Ne5 Qc8 20. Nac6 f6 21. Nd3 Nc4 22. e4 Re8 23. exd5 e5 24. dxe5 fxe5 25. Ndxe5 Nxe5 26. Nxe5 Qf5 27. Rfe1 Rad8 28. Rcd1 c6 29. d6 Qe6 30. Qf3 c5 31. Nc6 1-0